000 00525nam a2200181Ia 4500
008 230917s9999||||xx |||||||||||||| ||und||
020 _cRS375
040 _e255185
_aMAIN
041 _aEnglish
082 _a547.05 M474O(2)
100 _aMehrotra, R C
245 0 _aOrganometallic chemistry: A unified approach
250 _a2nd ed.
260 _aNew Delhi
_bNew Age International (P) Limited, Publishers
_c2018
300 _axiii, 618 p.
500 _a3453 20/03/2019 HBD19/7815 20/03/2019 Chemistry SAP
942 _cBK
999 _c30898
_d30898